Normal view
MARC view
- Jalabneh, Mustafa
Entry Personal Name
001 - CONTROL NUMBER
- control field: 2716
003 - CONTROL NUMBER IDENTIFIER
- control field: JO-AjAnu
005 - DATE AND TIME OF LATEST TRANSACTION
- control field: 20230606070741.0
008 - FIXED-LENGTH DATA ELEMENTS
- fixed length control field: 230606|| aca||aabn | a|a d
040 ## - CATALOGING SOURCE
- Original cataloging agency: JO-AjAnu
- Transcribing agency: JO-AjAnu
100 ## - HEADING--PERSONAL NAME
- Personal name: Jalabneh, Mustafa
670 ## - SOURCE DATA FOUND
- Source citation: Work cat.: (JO-AjAnu)1422: Jalabneh, Mustafa, author, A Study in the Issues Of Military Translation = دراسة في مسائل الترجمة العسكرية